Normal view
MARC view
Entry Personal Name
001 - CONTROL NUMBER
- control field: 19805
003 - CONTROL NUMBER IDENTIFIER
- control field: OSt
005 - DATE AND TIME OF LATEST TRANSACTION
- control field: 20151208162308.0
008 - FIXED-LENGTH DATA ELEMENTS
- fixed length control field: 151208|| aca||aabn | a|a d
040 ## - CATALOGING SOURCE
- Original cataloging agency: OSt
- Transcribing agency: OSt
100 ## - HEADING--PERSONAL NAME
- Personal name: रानी भटनागर
670 ## - SOURCE DATA FOUND
- Source citation: Work cat.: (OSt)47606: रानी भटनागर , भारतीयों की समुदी यात्राएं, 2011









